Constelaciones familiares : (Registro nro. 11288)

Detalles MARC
000 -LIDER
fixed length control field 01214nam a22003257a 4500
001 - NÚMERO DE CONTROL
Identificador de número de control 000464
003 - IDENTIFICACDOR DE NÚMERO DE CONTROL
control field DO-SdBNP
005 - DATE AND TIME OF LATEST TRANSACTION
control field 20231101135334.0
007 - CAMPOS FIJOS DE DESCRIPCIÓN FÍSICA
fixed length control field 000464
008 - ELEMENTOS DE LONGITUD FIJA
fixed length control field 160902b 2008 ck || 00| 0 spa d
020 ## - ISBN
International Standard Book Number 9789587046953
040 ## - FUENTE DE CATALOGACIÓN
Agencia que crea de manera original el registro BPMSU
Idioma de catalogación spa
Agencia que realiza la transcripción BPMSU
082 ## - NÚMERO DE CLASIFICACIÓN DECIMAL DE DEWEY
Classification number 306.85
Item number V18c 2008
Edition number 22
100 1# - ASIENTO PRINCIPAL -- NOMBRE PERSONAL
Nombre personal Vallejo Valencia, Marianela
245 10 - MENCIÓN DE TITULO
Título Constelaciones familiares :
Subtítulo para liberar la energía del amor y de la vida /
Mención de responsabilidad Marianela Vallejo Valencia ; con la colaboración de Catalina Forero de Francisco.
260 ## - PUBLICACIÓN, DISTRIBUCIÓN, ETC. (PIE DE IMPRENTA)
Lugar de publicación, distribución, etc Bogotá :
Nombre del editor, distribuidor, etc. Aguilar,
Fecha de publicación, distribución, etc 2008.
300 ## - DESCRIPCIÓN FÍSICA
Extensión 272 p. :
Otros detalles físicos il. ;
Dimensiones 24 cm.
500 ## - NOTA GENERAL
Nota general Incluye datos de la autora en la solapa de la cubierta.
500 ## - NOTA GENERAL
Nota general Incluye referencias bibliográficas y notas al pie de las páginas
500 ## - NOTA GENERAL
Nota general La biblioteca posee la primera reimpresión, mayo de 2008
504 ## - NOTA DE BIBLIOGRAFÍA, ETC.
Bibliography, etc Bibliografía : p. 269-272
590 ## - NOTA LOCAL
Texto de la nota local Inventariado. 2023/VM
600 14 - ENCABEZAMIENTO DE MATERIA--NOMBRE PERSONAL
Nombre personal Hellinger, Bert,
Fechas asociadas con el nombre 1925-
Subdivisión temática general Crítica e interpretación.
650 #4 - ENCABEZAMIENTO DE MATERIA--TEMÁTICO
Término temático o nombre geográfico como elemento de entrada Familia.
650 #4 - ENCABEZAMIENTO DE MATERIA--TEMÁTICO
Término temático o nombre geográfico como elemento de entrada Felicidad.
650 #4 - ENCABEZAMIENTO DE MATERIA--TEMÁTICO
Término temático o nombre geográfico como elemento de entrada Vida espiritual.
700 1# - ASIENTO SECUNDARIO -- NOMBRE PERSONAL
Nombre personal Forero de Francisco, Catalina,
Mención de responsabilidad col.
910 ## - VALIDACIÓN
Validación VMateo V. / Validado. Control de calidad MFF
942 ## - ADDED ENTRY ELEMENTS (KOHA)
Source of classification or shelving scheme Dewey Decimal Classification
Koha item type Libros
Existencias
Withdrawn status Lost status Source of classification or shelving scheme Damaged status Not for loan Collection code Home library Current library Date acquired Source of acquisition Total Checkouts Full call number Barcode Date last seen Price effective from Koha item type
    Dewey Decimal Classification     Colección General Biblioteca Pública Metropolitana Salomé Ureña Biblioteca Pública Metropolitana Salomé Ureña 09/02/2016 Alfaguara   BPMSU CG 306.85 V18c 2008 BPMSU16090062 09/02/2016 09/02/2016 Libros